Loreto College Library, Kolkata
WEBOPAC (ONLINE PUBLIC ACCESS CATALOGUE)

Developing Communication Skills, (Record no. 7117)

MARC details
000 -LEADER
fixed length control field 00662nam a2200241Ia 4500
005 - DATE AND TIME OF LATEST TRANSACTION
control field 20231219100524.0
008 - FIXED-LENGTH DATA ELEMENTS--GENERAL INFORMATION
fixed length control field 131103s9999 xx 000 0 und d
020 ## - ISBN | অাই এস বি এন
ISBN | অাই এস বি এন 333929195
PRICE Rs.88
040 ## - CATALOGING SOURCE
Original cataloging agency Loreto College
041 ## - LANGUAGE CODE
Language code English
082 ## - DDC | ডিউই
Classification number | বর্গসংখ্যা 428
Book Number | গ্রন্থাঙ্ক MOH
100 ## - MAIN ENTRY--PERSONAL NAME | মুখ্য সংলেখ - ব্যাক্তিনাম
Personal name | ব্যাক্তিনাম Mohan, Krishna
245 ## - TITLE STATEMENT | অাখ্যা বিবরণী
Title | অাখ্যা Developing Communication Skills,
Statement of responsibility | লেখকের দায়িত্বের বিবরণ Krishna Mohan and Meera Banerji
260 ## - IMPRINT | প্রকাশনা ক্ষেত্র
Place of publication | প্রকাশ স্থান Delhi
Name of publisher | প্রকাশকের নাম Macmillan India limited
Date of publication | প্রকাশ কাল 1990
300 ## - PHYSICAL DESCRIPTION |
Page / Vol. No | পৃষ্ঠা / খন্ড সংখ্যা xv,295 p.
Other physical details | অনান্য বাহ্যিক বিবরণ ill.
504 ## - BIBLIOGRAPHY, ETC. NOTE
Bibliography, etc Includes index
630 ## - SUBJECT ADDED ENTRY--UNIFORM TITLE
Uniform title Communicative Skills
650 ## - SUBJECT ADDED ENTRY--TOPICAL TERM | বিষয় শিরোনাম - মূল বিষয়
Topical term | মূল বিষয় Communicative English
651 ## - SUBJECT ADDED ENTRY--GEOGRAPHIC NAME | বিষয় শিরোনাম - ভৌগলিক নাম
Geographic name | ভৌগলিক বিষয় English Language
700 ## - ADDED ENTRY--PERSONAL NAME | অতিরিক্ত সংলেখ - ব্
Personal name | ব্যাক্তিনাম Banerji, Meera
850 ## - HOLDING INSTITUTION
Holding institution LCLIB
942 ## - ADDED ENTRY ELEMENTS (KOHA)
Koha item type Books
Holdings
Withdrawn status Lost status Source of classification Damaged status Not for loan Home library Current library Date acquired Total Checkouts Full call number Accession No. Date last seen Price effective from Koha item type Coded location qualifier
    Dewey Decimal Classification     Loreto College Loreto College 04/11/2013   428 MOH 39974 B20988 04/11/2013 04/11/2013 Books  
    Dewey Decimal Classification     Loreto College Loreto College 04/11/2013   428 MOH 40825 B6987 04/11/2013 04/11/2013 Books